Tenders Direct (Record no. 120387)

MARC details
000 -LEADER
fixed length control field 00740cam a2200229 4500
001 - CONTROL NUMBER
control field WS124795
008 - FIXED-LENGTH DATA ELEMENTS--GENERAL INFORMATION
fixed length control field 040109n 000 0 eng u
035 ## - SYSTEM CONTROL NUMBER
System control number (Sirsi) u124795
110 ## - MAIN ENTRY--CORPORATE NAME
Corporate name or jurisdiction name as entry element Millstream Associates Limited
9 (RLIN) 4575
245 ## - TITLE STATEMENT
Title Tenders Direct
520 ## - SUMMARY, ETC.
Summary, etc. Subscription web site providing access to over 30,000 current government and utility company contracts in the UK and Europe.
650 ## - SUBJECT ADDED ENTRY--TOPICAL TERM
Topical term or geographic name entry element DATABASE
650 ## - SUBJECT ADDED ENTRY--TOPICAL TERM
Topical term or geographic name entry element TENDERS
650 ## - SUBJECT ADDED ENTRY--TOPICAL TERM
Topical term or geographic name entry element EUROPE
650 ## - SUBJECT ADDED ENTRY--TOPICAL TERM
Topical term or geographic name entry element GOVERNMENT CONTRACTS
650 ## - SUBJECT ADDED ENTRY--TOPICAL TERM
Topical term or geographic name entry element INTERNATIONAL
650 ## - SUBJECT ADDED ENTRY--TOPICAL TERM
Topical term or geographic name entry element Procurement-old
650 ## - SUBJECT ADDED ENTRY--TOPICAL TERM
Topical term or geographic name entry element UTILITY COMPANIES
690 ## - LOCAL SUBJECT ADDED ENTRY--TOPICAL TERM (OCLC, RLIN)
Topical term or geographic name as entry element EUROPE
856 40 - ELECTRONIC LOCATION AND ACCESS
Uniform Resource Identifier <a href="https://www.tendersdirect.co.uk">https://www.tendersdirect.co.uk</a>
Public note View the website free of charge at www.tendersdirect.co.uk...
942 ## - ADDED ENTRY ELEMENTS (KOHA)
Suppress in OPAC 0
Holdings
Withdrawn status Lost status Source of classification or shelving scheme Damaged status Not for loan Home library Current library Shelving location Date acquired Total Checkouts Full call number Barcode Date last seen Copy number Price effective from Koha item type
    Dewey Decimal Classification     Virtual Virtual Online 09/01/2004   WEB SITE 124795-1001 06/08/2019 1 06/08/2019 Online material